Improved natural rubber processing and physical properties by use of selected compounding additives (Record no. 60841)

MARC details
000 -LEADER
fixed length control field 00360nam a2200121Ia 4500
100 ## - MAIN ENTRY--AUTHOR NAME
Personal name Clarke Colin
245 #0 - TITLE STATEMENT
Title Improved natural rubber processing and physical properties by use of selected compounding additives
260 ## - PUBLICATION, DISTRIBUTION, ETC. (IMPRINT)
Name of publisher Rubber World
Year of publication 2009
300 ## - PHYSICAL DESCRIPTION
Number of Pages 28-31
700 ## - ADDED ENTRY--PERSONAL NAME
Personal name Hensel Manfred
942 ## - ADDED ENTRY ELEMENTS (KOHA)
Koha item type Journals
Holdings
Withdrawn status Lost status Damaged status Not for loan Home library Current library Date acquired Serial Enumeration / chronology Koha item type
      Journals RRII Library RRII Library 24/12/2009 Volume 241, Issue 2 Journals